000 00516nam a2200181 a 4500
001 1514345
003 NG-AbAUS
005 20230307093420.0
008 890427s1980 nr a b 000 0 eng
020 _a9782241040
040 _aDLC
_cDLC
_dDLC
082 0 0 _a320.9669
_220
100 1 _aWilliams, Gavin.
_9319
245 0 0 _aState and society in Nigeria /
_cby Gavin Williams.
260 _aIdanre, Ondo State, Nigeria :
_bAfrografika Publishers,
_c[c1980].
300 _a164 p. :
_bill. ;
_c22 cm.
942 _2ddc
_cBK
999 _c3017
_d3017